<?xml version="1.0" encoding="UTF-8"?>
<record
    xmlns:xsi="http://www.w3.org/2001/XMLSchema-instance"
    xsi:schemaLocation="http://www.loc.gov/MARC21/slim http://www.loc.gov/standards/marcxml/schema/MARC21slim.xsd"
    xmlns="http://www.loc.gov/MARC21/slim">

  <leader>01949nam a22002777a 4500</leader>
  <controlfield tag="001">1505</controlfield>
  <controlfield tag="005">20231003094359.0</controlfield>
  <datafield tag="020" ind1=" " ind2=" ">
    <subfield code="a">9789924340591</subfield>
  </datafield>
  <datafield tag="040" ind1=" " ind2=" ">
    <subfield code="a">FISKH</subfield>
    <subfield code="b">eng</subfield>
    <subfield code="c">FISKH</subfield>
    <subfield code="d">FISKH</subfield>
  </datafield>
  <datafield tag="082" ind1=" " ind2=" ">
    <subfield code="a">793.3</subfield>
  </datafield>
  <datafield tag="100" ind1=" " ind2=" ">
    <subfield code="a">Labbe, Lucie </subfield>
  </datafield>
  <datafield tag="245" ind1=" " ind2=" ">
    <subfield code="a">&#x179A;&#x1794;&#x17B6;&#x17C6;&#x1794;&#x17BB;&#x179A;&#x17B6;&#x178E;&#x1781;&#x17D2;&#x1798;&#x17C2;&#x179A; / </subfield>
    <subfield code="c">&#x1793;&#x17B7;&#x1796;&#x1793;&#x17D2;&#x1792; &#x1793;&#x17B7;&#x1784;&#x1782;&#x17BC;&#x179A;&#x179A;&#x17BC;&#x1794;&#x178A;&#x17C4;&#x1799; Lucie Labbe </subfield>
  </datafield>
  <datafield tag="250" ind1=" " ind2=" ">
    <subfield code="a">&#x1794;&#x17C4;&#x17C7;&#x1796;&#x17BB;&#x1798;&#x17D2;&#x1796;&#x179B;&#x17BE;&#x1780;&#x1791;&#x17B8;&#x17E3; &#x1798;&#x17B7;&#x1790;&#x17BB;&#x1793;&#x17B6; &#x17E2;&#x17E0;&#x17E2;&#x17E2; </subfield>
  </datafield>
  <datafield tag="260" ind1=" " ind2=" ">
    <subfield code="a">Phnom Penh : </subfield>
    <subfield code="b">Sipar, </subfield>
    <subfield code="c">2022. </subfield>
  </datafield>
  <datafield tag="300" ind1=" " ind2=" ">
    <subfield code="a">40 pages : </subfield>
    <subfield code="b">color illustrations ; </subfield>
    <subfield code="c">20 cm </subfield>
  </datafield>
  <datafield tag="490" ind1=" " ind2=" ">
    <subfield code="a">&#x1781;&#x17D2;&#x1789;&#x17BB;&#x17C6;&#x1785;&#x1784;&#x17CB;&#x178A;&#x17B9;&#x1784;</subfield>
  </datafield>
  <datafield tag="505" ind1=" " ind2=" ">
    <subfield code="a">Z'
</subfield>
  </datafield>
  <datafield tag="520" ind1=" " ind2=" ">
    <subfield code="a">&#x179A;&#x1794;&#x17B6;&#x17C6;&#x1794;&#x17BB;&#x179A;&#x17B6;&#x178E;&#x1781;&#x17D2;&#x1798;&#x17C2;&#x179A;&#x1793;&#x17B9;&#x1784;&#x178E;&#x17C2;&#x1793;&#x17B6;&#x17C6;&#x17A2;&#x17D2;&#x1793;&#x1780;&#x17B1;&#x17D2;&#x1799;&#x179F;&#x17D2;&#x1782;&#x17B6;&#x179B;&#x17CB;&#x17AF;&#x1780;&#x179F;&#x17B6;&#x179A;&#x1796;&#x17B6;&#x1780;&#x17CB;&#x1796;&#x17D0;&#x1793;&#x17D2;&#x1792;&#x1793;&#x17C3;&#x179A;&#x1794;&#x17B6;&#x17C6;&#x1794;&#x17BB;&#x179A;&#x17B6;&#x178E;&#x179A;&#x17BD;&#x1798;&#x1798;&#x17B6;&#x1793;&#x1787;&#x17B8;&#x179C;&#x17B7;&#x178F;&#x179A;&#x1794;&#x179F;&#x17CB;&#x17A2;&#x17D2;&#x1793;&#x1780;&#x179A;&#x1794;&#x17B6;&#x17C6; &#x1780;&#x17B6;&#x179A;&#x17A0;&#x17D2;&#x179C;&#x17B9;&#x1780;&#x17A0;&#x17B6;&#x178F;&#x17CB;&#x1780;&#x17B6;&#x1799;&#x179C;&#x17B7;&#x1780;&#x17B6;&#x179A; &#x1794;&#x17D2;&#x179A;&#x1797;&#x17C1;&#x1791;&#x179A;&#x1794;&#x17B6;&#x17C6; &#x178F;&#x17BD;&#x17A2;&#x1784;&#x17D2;&#x1782; &#x1793;&#x17B7;&#x1784;&#x1780;&#x17B6;&#x179A;&#x1790;&#x17D2;&#x179C;&#x17B6;&#x1799;&#x1794;&#x1784;&#x17D2;&#x1782;&#x17C6;&#x17D4; &#x179B;&#x1780;&#x17D2;&#x1781;&#x178E;&#x17C8;&#x1791;&#x17B6;&#x17C6;&#x1784;&#x1793;&#x17C4;&#x17C7;&#x1793;&#x17B6;&#x17C6;&#x17B1;&#x17D2;&#x1799;&#x179A;&#x1794;&#x17B6;&#x17C6;&#x1794;&#x17BB;&#x179A;&#x17B6;&#x178E;&#x1781;&#x17D2;&#x1798;&#x17C2;&#x179A;&#x1785;&#x17BB;&#x17C7;&#x1780;&#x17D2;&#x1793;&#x17BB;&#x1784;&#x1794;&#x1789;&#x17D2;&#x1787;&#x17B8;&#x1794;&#x17C1;&#x178F;&#x17B7;&#x1780;&#x1797;&#x178E;&#x17D2;&#x178C;&#x17A2;&#x179A;&#x17BC;&#x1794;&#x17B8;&#x1793;&#x17C3;&#x1798;&#x1793;&#x17BB;&#x179F;&#x17D2;&#x179F;&#x1787;&#x17B6;&#x178F;&#x17B7;&#x1780;&#x17D2;&#x1793;&#x17BB;&#x1784;&#x1781;&#x17C2;&#x179C;&#x17B7;&#x1785;&#x17D2;&#x1786;&#x17B7;&#x1780;&#x17B6; &#x1786;&#x17D2;&#x1793;&#x17B6;&#x17C6;&#x17E2;&#x17E0;&#x17E0;&#x17E3;&#x17D4;</subfield>
  </datafield>
  <datafield tag="520" ind1=" " ind2=" ">
    <subfield code="a">Khmer classical dance will guide you to know related documents of classical dance including lives of dancers, training, gesture, type of dance, characters and worship. Those characteristics bring Khmer classical dance to be listed as a world intangible heritage of humanity in November 2003. </subfield>
  </datafield>
  <datafield tag="521" ind1=" " ind2=" ">
    <subfield code="a">1000
</subfield>
    <subfield code="b">Lexile estimate
</subfield>
  </datafield>
  <datafield tag="521" ind1=" " ind2=" ">
    <subfield code="a">Z'
</subfield>
    <subfield code="b">Raz-Plus
</subfield>
  </datafield>
  <datafield tag="650" ind1=" " ind2=" ">
    <subfield code="a">&#x179A;&#x1794;&#x17B6;&#x17C6;&#x1794;&#x17BB;&#x179A;&#x17B6;&#x178E; </subfield>
    <subfield code="v">&#x1780;&#x17B6;&#x1799;&#x179C;&#x17B7;&#x1780;&#x17B6; </subfield>
    <subfield code="x">&#x178F;&#x17BD;&#x17A2;&#x1784;&#x17D2;&#x1782;&#x200B; </subfield>
  </datafield>
  <datafield tag="650" ind1=" " ind2=" ">
    <subfield code="a">Classical dance </subfield>
    <subfield code="v">Gesture </subfield>
    <subfield code="x">Character </subfield>
  </datafield>
  <datafield tag="700" ind1=" " ind2=" ">
    <subfield code="a">Labbe, Lucie </subfield>
    <subfield code="c">illustrator </subfield>
  </datafield>
  <datafield tag="942" ind1=" " ind2=" ">
    <subfield code="2">ddc</subfield>
    <subfield code="c">BK</subfield>
    <subfield code="n">0</subfield>
  </datafield>
  <datafield tag="999" ind1=" " ind2=" ">
    <subfield code="c">1505</subfield>
    <subfield code="d">1505</subfield>
  </datafield>
  <datafield tag="952" ind1=" " ind2=" ">
    <subfield code="0">0</subfield>
    <subfield code="1">0</subfield>
    <subfield code="2">ddc</subfield>
    <subfield code="4">0</subfield>
    <subfield code="7">0</subfield>
    <subfield code="8">KHMERNF</subfield>
    <subfield code="a">001</subfield>
    <subfield code="b">001</subfield>
    <subfield code="c">RHTK2</subfield>
    <subfield code="d">2023-08-31</subfield>
    <subfield code="l">0</subfield>
    <subfield code="o">LAB 793.3</subfield>
    <subfield code="p">2023-0417</subfield>
    <subfield code="r">2023-08-31 08:16:26</subfield>
    <subfield code="t">1</subfield>
    <subfield code="w">2023-08-31</subfield>
    <subfield code="y">BK</subfield>
  </datafield>
  <datafield tag="952" ind1=" " ind2=" ">
    <subfield code="0">0</subfield>
    <subfield code="1">0</subfield>
    <subfield code="2">ddc</subfield>
    <subfield code="4">0</subfield>
    <subfield code="7">0</subfield>
    <subfield code="8">KH</subfield>
    <subfield code="a">001</subfield>
    <subfield code="b">001</subfield>
    <subfield code="c">RHTK2</subfield>
    <subfield code="d">2023-08-31</subfield>
    <subfield code="l">1</subfield>
    <subfield code="o">LAB 793.3</subfield>
    <subfield code="p">2023-0418</subfield>
    <subfield code="r">2025-06-19 13:14:28</subfield>
    <subfield code="s">2025-05-21</subfield>
    <subfield code="t">2</subfield>
    <subfield code="w">2023-08-31</subfield>
    <subfield code="y">BK</subfield>
  </datafield>
</record>
